La célula viva

שמור ב:
מידע ביבליוגרפי
פורמט: ספר
שפה:ספרדית
יצא לאור: Madrid Blume 1970
מהדורה:Segunda edición
סדרה:Selecciones de Scientific American
נושאים:
תגים: הוספת תג
אין תגיות, היה/י הראשונ/ה לתייג את הרשומה!

MARC

LEADER 00000nam a2200000 a 4500
001 UCT1405
003 CL-VaPUC
005 20230603074423.0
008 960927e19700000SP |||||||||||||||||spa|d
999 |c 251937  |d 251935 
040 |c Pontificia Universidad Católica de Valparaíso 
082 0 4 |a 571.6 LAC 1970  |2 21 
245 1 3 |a La célula viva 
250 |a Segunda edición 
260 |a Madrid  |b Blume  |c 1970 
300 |a 419 páginas 
490 0 |a Selecciones de Scientific American 
583 |a last modification  |c 19960927 00:00:00  |k Rodrigo Vera 
650 0 |a Células   |9 269548 
650 0 |a Biología  |9 262022 
650 7 |a CITOPLASMA  |2 CL-VaPUC  |9 362210 
650 0 |a Moléculas   |9 259584 
650 0 |a Ácido desoxirribonucleico (ADN)  |9 361158 
650 0 |a División celular  |9 343784 
650 0 |a Genética  |9 259443 
942 |c BK  |2 ddc 
945 |d 19960927 00:00:00  |a cmena 
952 |0 0  |1 0  |2 ddc  |4 0  |6 571_600000000000000_LAC_1970  |7 0  |8 A  |9 271463  |a BIBCUR  |b BIBCUR  |d 2019-11-19  |i 1755021  |o 571.6 LAC 1970  |p 1755021  |r 2025-04-22  |t 1  |w 2019-11-19  |y BK  |k BCB 
952 |0 0  |1 0  |2 ddc  |4 0  |6 571_600000000000000_LAC_1970  |7 0  |8 A  |9 271464  |a BIBCUR  |b BIBCUR  |d 2019-11-19  |i 2110261  |o 571.6 LAC 1970  |p 2110261  |r 2025-04-22  |t 2  |w 2019-11-19  |y BK  |k BIO 
952 |0 0  |1 0  |2 ddc  |4 0  |6 571_600000000000000_LAC_1970  |7 0  |8 A  |9 271465  |a BIBCUR  |b BIBCUR  |d 2019-11-19  |i 211027K  |o 571.6 LAC 1970  |p 211027K  |r 2025-04-22  |t 3  |w 2019-11-19  |y BK  |k BIO